Online Catalogue and eLibrary

An analytical description of poverty in Sri Lanka (Record no. 2671)

MARC details
000 -LEADER
fixed length control field 00376nam a2200145Ia 4500
005 - DATE AND TIME OF LATEST TRANSACTION
control field 20240529015221.0
008 - FIXED-LENGTH DATA ELEMENTS--GENERAL INFORMATION
fixed length control field 240331s9999 xx 000 0 und d
082 ## - DDC Classification
Item Number - Author Mark ANA
Class No. 339.46
100 ## - MAIN ENTRY--PERSONAL NAME
Personal name Marga Institute
245 #3 - TITLE STATEMENT
Title An analytical description of poverty in Sri Lanka
260 ## - PUBLICATION, DISTRIBUTION, ETC.
Place of publication, distribution, etc. Colombo
Name of publisher, distributor, etc. Merga Institute
Date of publication, distribution, etc. 1981
300 ## - PHYSICAL DESCRIPTION
Extent (e.g. Volumes, Pages etc.) 185 p .,
650 ## - SUBJECT ADDED ENTRY--TOPICAL TERM
Topical term or geographic name entry element Economy
942 ## - Koha item type (Biblio)
Koha item type Books in Stacks (Lending)
Holdings
Lost status Damaged status Collection code Home library Current library Shelving location Date acquired Full call number Accession Number Item type
    Lending WERC Library WERC Library Social Science Cupboard 03/31/2024 339.46 ANA 126 Books in Stacks (Lending)

© WERC Library